000 00583nam a2200193Ia 4500
003 GCL
008 140319s9999 xx 000 0 eng d
040 _aGCL /
_cGCL
082 0 4 _a915.4
_bV V
100 1 _aVALENTIA, GEORGE VISCOUNT
245 1 0 _aVOYAGES AND TRAVELS TO INDIA CEYLON THE RED SEA ABYSSINIA AND EGYPT IN THE YEARS 1802-1806 /
_cVALENTIA, GEORGE VISCOUNT
260 _a[S.N] :
_bASIAN EDUCATIONAL SERVICES ،
_c1994
300 _a482P
650 0 4 _aGEOGRAPHY AND TRAVEL
650 0 4 _aABYSSINIA
650 0 4 _aINDIA
650 0 4 _aEGYPT - HISTORY
942 _2ddc
_cBK
999 _c12352
_d12352